[Event "CESNNA CITATION EXCEL"]
[Site "http://www.queenalice.com/game.php?id=728978"]
[Date "2010.2.9"]
[Round "-"]
[White "rogeriooliveira"]
[Black "Capablanca44"]
[Result "0-1"]
[WhiteElo "1439"]
[BlackElo "1922"]

1. e4 g6 2. d4 b6 3. Nf3 Bg7 4. Nc3 Bb7 5. Bg5 h6 6. Be3 e6 7. Ne5 Bxe5 8. dxe5
Ne7 9. Qd2 Ng8 10. O-O-O a6 11. Be2 Nc6 12. Qd3 Nxe5 13. Qd2 d6 14. Bf4 Nd7 15.
Qd3 Ne7 16. Bg3 Nc5 17. Qd2 Nxe4 18. Qd4 e5 19. Qe3 Nf5 20. Qf3 Nexg3 21. hxg3
Bxf3 22. Bxf3 Rb8 23. Bc6+ Kf8 24. Rhe1 Kg7 25. g4 Qg5+ 26. f4 Qxf4+ 27. Kb1
Qxg4 28. Rg1 Nd4 29. Bf3 Nxf3 30. gxf3 Qxf3 31. Rdf1 Qc6 32. Rg2 Qxg2 33. Rc1 f5
34. Nd1 f4 35. Nc3 g5 36. Ne4 Qxe4 37. a4 Qxa4 38. b3 Qe4 39. Kb2 g4 40. Rg1
Qd4+ 41. Kc1 Qxg1+ 42. Kb2 g3 43. Kc3 Qd4# 0-1

[Event "Challenge"]
[Site "http://www.queenalice.com/game.php?id=729505"]
[Date "2010.2.10"]
[Round "-"]
[White "RicardoGuidoval"]
[Black "Capablanca44"]
[Result "0-1"]
[WhiteElo "1340"]
[BlackElo "1500"]

1. e4 g6 2. c3 b6 3. d4 Bg7 4. Be3 Bb7 5. d5 a6 6. Nd2 d6 7. Bd3 Nd7 8. f4 Ngf6
9. Ne2 e5 10. O-O Qe7 11. Ng3 O-O 0-1

[Event "Challenge"]
[Site "http://www.queenalice.com/game.php?id=772424"]
[Date "2010.5.7"]
[Round "-"]
[White "cdare"]
[Black "Capablanca44"]
[Result "0-1"]
[WhiteElo "1774"]
[BlackElo "1952"]

1. e4 g6 2. Nf3 b6 3. Nc3 Bg7 4. d4 Bb7 5. Bd3 h6 6. Be3 e6 7. O-O Ne7 8. a3 a6
9. b4 d6 10. Qe2 Nd7 11. Bf4 g5 12. Bg3 O-O 13. Rad1 Qe8 14. Qd2 f5 15. exf5
Nxf5 16. Bxf5 Rxf5 17. Qe3 Qf7 18. Ne4 Re8 19. c3 e5 20. Nfxg5 hxg5 21. Nxg5 Qd5
22. f3 Qb3 23. Ra1 Ref8 24. dxe5 Nxe5 25. Bxe5 Rxe5 26. Qc1 Rf6 27. f4 Qd5 28.
Qc2 Re8 29. Rad1 Qf5 30. Qb3+ d5 31. c4 Rd6 32. cxd5 Bxd5 33. Qa4 Qc8 34. Qc2
Qd7 35. Rde1 Rxe1 36. Rxe1 Bd4+ 37. Kh1 c5 38. bxc5 Bxc5 39. Qh7+ Qxh7 40. Re8+
Kg7 41. Re7+ Bf7 42. Rxf7+ Kg6 43. h3 Rd1+ 44. Kh2 Bg1+ 45. Kg3 Rd3+ 46. Kg4
Qh5# 0-1

[Event "Challenge"]
[Site "http://www.queenalice.com/game.php?id=788128"]
[Date "2010.6.10"]
[Round "-"]
[White "Capablanca44"]
[Black "Chezzdevil"]
[Result "0-1"]
[WhiteElo "1969"]
[BlackElo "2261"]

1. d4 f5 2. Bf4 d6 3. Nf3 Nf6 4. h3 e6 5. e3 Be7 6. Be2 O-O 7. Nbd2 Nc6 8. O-O
Qe8 9. c3 a5 10. Bb5 Bd7 11. a4 h6 12. Bh2 Na7 13. Bxd7 Qxd7 14. Re1 Rae8 15. b4
axb4 16. cxb4 b5 17. a5 Nd5 18. Qb3 Nc6 19. Rec1 Ra8 20. Qb1 Ncxb4 21. Nb3 Rfc8
22. e4 fxe4 23. Qxe4 Bf6 24. Re1 c5 25. Qxe6+ Qxe6 26. Rxe6 c4 27. Nbd2 c3 28.
Nb3 c2 29. Bxd6 Nd3 30. Be5 Bxe5 31. Nxe5 c1=Q+ 32. Nxc1 Rxc1+ 33. Rxc1 Nxc1 34.
Nc6 b4 35. Re5 b3 36. Rxd5 Ne2+ 37. Kh1 Nc3 38. Rd7 b2 0-1

[Event "Let's Play Chess!"]
[Site "http://www.queenalice.com/game.php?id=791204"]
[Date "2010.6.18"]
[Round "-"]
[White "chessman"]
[Black "Capablanca44"]
[Result "1-0"]
[WhiteElo "1947"]
[BlackElo "1922"]

1. e4 g6 2. d4 b6 3. Nf3 Bg7 4. Bd3 Bb7 5. O-O h6 6. c3 e6 7. Re1 Ne7 8. Nbd2 a6
9. Nf1 d6 10. Ng3 Nd7 11. Qe2 O-O 12. Be3 Kh8 13. Bc2 c5 14. Rad1 Qc7 15. Qd3
Rad8 16. Qd2 c4 17. Bxh6 Ng8 18. Bxg7+ Kxg7 19. Qg5 Rfe8 20. Re2 Nf8 21. Nh5+
Kh7 22. Nf6+ Nxf6 23. Qxf6 Qe7 24. Qf4 Nd7 25. Ng5+ Kg7 26. Re3 Rh8 27. Rg3 e5
28. dxe5 Nxe5 29. Qd2 b5 30. f4 Nc6 31. Nf3 Rh5 32. Nd4 Kf8 33. Nxc6 Bxc6 34.
Qd4 Kg8 35. h3 Bb7 36. e5 d5 37. f5 Kf8 38. e6 g5 39. exf7 Kxf7 40. f6 Qd6 41.
Re3 Rd7 42. Rde1 Rh6 43. Re7+ Rxe7 44. Rxe7+ Qxe7 45. fxe7 Re6 46. g3 Re1+ 47.
Kf2 Rxe7 48. h4 1-0

[Event "Let's Play Chess!"]
[Site "http://www.queenalice.com/game.php?id=795763"]
[Date "2010.6.29"]
[Round "-"]
[White "Matrim"]
[Black "Capablanca44"]
[Result "0-1"]
[WhiteElo "1930"]
[BlackElo "1918"]

1. d4 d5 2. Bf4 Bf5 3. e3 Nf6 4. c3 h6 5. Nf3 e6 6. Bd3 Bxd3 7. Qxd3 c6 8. Nbd2
Nbd7 9. O-O Be7 10. e4 Nxe4 11. Nxe4 dxe4 12. Qxe4 Nf6 13. Qe5 O-O 14. g4 Nxg4
15. Qh5 Nf6 16. Qh3 h5 17. Bg5 g6 18. Rae1 Kg7 19. b4 b6 20. Rd1 Ng4 21. Bxe7
Qxe7 22. Ne5 Nxe5 23. dxe5 Rad8 24. a4 Rxd1 25. Rxd1 Rd8 26. Re1 Qg5+ 27. Qg3
Qd2 28. Re3 Qd1+ 29. Kg2 Qxa4 30. Qg5 Qd1 31. Qf6+ Kg8 32. Rf3 Rd7 33. h3 Qd5
34. Kg3 a5 35. bxa5 bxa5 36. Qf4 Qb5 37. c4 Qb4 38. h4 a4 39. c5 Qxc5 40. Qxa4
Rd4 41. Qa8+ Kg7 42. Rf4 Qxe5 0-1

[Event "Let's Play Chess!"]
[Site "http://www.queenalice.com/game.php?id=797821"]
[Date "2010.7.2"]
[Round "-"]
[White "Capablanca44"]
[Black "leduar"]
[Result "1-0"]
[WhiteElo "1884"]
[BlackElo "1855"]

1. d4 Nf6 2. Bf4 d5 3. Nf3 Nc6 4. h3 Bf5 5. c3 g6 6. e3 Bg7 7. Bd3 Qd7 8. Qc2 e6
9. Nbd2 h6 10. O-O Nh5 11. Bh2 O-O-O 12. e4 dxe4 13. Nxe4 Bxe4 14. Bxe4 f5 15.
Bxc6 Qxc6 16. Be5 Rhg8 17. Rfc1 Kb8 18. Qe2 Bxe5 19. Nxe5 Qd5 20. Qf3 Qxf3 21.
Nxf3 Nf4 22. Rc2 g5 23. Ne5 Rg7 24. Re1 Ng6 25. Rce2 Re8 26. Nd3 Rge7 27. Ne5
Nf4 28. Rd2 Nd5 29. g3 h5 30. Kg2 h4 31. Rde2 Rg7 32. Nd3 Rg6 33. Re5 c6 34.
Rxf5 exf5 35. Rxe8+ Kc7 36. Ne5 Rg7 37. Rf8 hxg3 38. Kxg3 Kb6 39. Rxf5 Ne7 40.
Rf7 c5 41. Nc4+ Kb5 42. Nd6+ Kc6 43. Rxg7 1-0

[Event "Challenge"]
[Site "http://www.queenalice.com/game.php?id=854719"]
[Date "2010.11.4"]
[Round "-"]
[White "Capablanca44"]
[Black "cdare"]
[Result "1-0"]
[WhiteElo "1972"]
[BlackElo "1746"]

1. d4 Nf6 2. Bf4 e6 3. h3 Nc6 4. Nf3 Nd5 5. Bh2 b6 6. e3 Be7 7. c3 O-O 8. Be2 d6
9. O-O Bb7 10. Nbd2 Nf6 11. Qc2 d5 12. Rfe1 Bd6 13. a3 Bxh2+ 14. Kxh2 Qd6+ 15.
Kg1 Ne7 16. Bd3 c5 17. Rac1 c4 18. Bf1 Ng6 19. g3 h6 20. Bg2 Qe7 21. Nh2 Bc6 22.
e4 b5 23. e5 Nh7 24. f4 a5 25. Rf1 Qe8 26. f5 Ne7 27. f6 Nf5 28. Kf2 g6 29. Ndf3
Qd8 30. g4 Nxd4 31. Nxd4 Bb7 32. Qd2 g5 33. Nhf3 Nxf6 34. exf6 Qxf6 35. Rce1
Rfe8 36. Kg1 Qg7 37. Nxb5 f5 38. gxf5 exf5 39. Nd6 Rxe1 40. Rxe1 Bc6 41. Nxf5
Qf6 42. N3d4 Bb7 43. Qf2 Rd8 44. Ne7+ Kf7 45. Qxf6+ Kxf6 46. Re6+ Kf7 47. Nef5
h5 48. Re7+ 1-0

[Event "Challenge"]
[Site "http://www.queenalice.com/game.php?id=854720"]
[Date "2010.11.4"]
[Round "-"]
[White "cdare"]
[Black "Capablanca44"]
[Result "0-1"]
[WhiteElo "1716"]
[BlackElo "1962"]

1. e4 g6 2. Nf3 Bg7 3. d4 b6 4. Nc3 Bb7 5. Bd3 h6 6. Be3 e6 7. O-O a6 8. a4 d6
9. d5 e5 10. b4 Nd7 11. h3 Ne7 12. b5 a5 13. Ne2 Nf6 14. Ng3 Bc8 15. c4 Bd7 16.
Nh2 Qc8 17. Be2 Qb7 18. Ng4 O-O-O 19. Nxf6 Bxf6 20. f4 Rdf8 21. Bg4 exf4 22.
Bxd7+ Kxd7 23. Bxf4 Bxa1 24. Qxa1 Qb8 25. Re1 f6 26. e5 fxe5 27. Bd2 Rf7 28. Ne4
Qf8 29. Qd1 Qg7 30. Qg4+ Nf5 31. Rf1 Rhf8 32. Rf2 Kc8 33. Ng3 h5 34. Qg5 Nxg3
35. Rxf7 Ne2+ 36. Kh2 Qxf7 37. Qe3 Qf1 0-1

[Event "Let's Play Chess!"]
[Site "http://www.queenalice.com/game.php?id=946462"]
[Date "2011.6.7"]
[Round "-"]
[White "Killersugus"]
[Black "Capablanca44"]
[Result "1-0"]
[WhiteElo "2110"]
[BlackElo "1983"]

1. d4 d5 2. c4 e6 3. Nf3 c6 4. Nc3 Nf6 5. Bf4 Be7 6. e3 Nbd7 7. h3 b6 8. Qc2 Bb7
9. Bd3 O-O 10. O-O Re8 11. e4 dxe4 12. Nxe4 Nxe4 13. Bxe4 Nf6 14. Bd3 c5 15.
dxc5 bxc5 16. Rfd1 Qb6 17. Ne5 g6 18. Bg5 Kg7 19. Be2 Rad8 20. b3 Qc7 21. Qb2
Rf8 22. Ng4 Qc6 23. Bf3 Qc7 24. Bxb7 Qxb7 25. Bxf6+ Bxf6 26. Qxf6+ 1-0

[Event "Challenge"]
[Site "http://www.queenalice.com/game.php?id=960719"]
[Date "2011.7.15"]
[Round "-"]
[White "plot24"]
[Black "Capablanca44"]
[Result "0-1"]
[WhiteElo "1798"]
[BlackElo "1967"]

1. e4 c5 2. c4 Nc6 3. Nc3 e6 4. Nf3 d6 5. g3 Nf6 6. d3 Be7 7. Bg2 a6 8. O-O Qc7
9. Bg5 O-O 10. a3 Bd7 11. Rb1 Rad8 12. Nd2 Nd4 13. Re1 Rfe8 14. b4 b6 15. Ne2
Nxe2+ 16. Qxe2 Bc8 17. bxc5 dxc5 18. e5 Nd7 19. Bxe7 Rxe7 20. f4 Rde8 21. Ne4
Rf8 22. Nd6 Nb8 23. g4 Nc6 24. g5 Nd4 25. Qg4 Bd7 26. h4 Bc6 27. h5 g6 28. Kf2
Rb8 29. Bxc6 Qxc6 30. h6 Qa4 31. Ne4 Qc2+ 32. Ke3 Nf5+ 0-1

[Event "OS INCLIVEIS"]
[Site "http://www.queenalice.com/game.php?id=1020674"]
[Date "2012.1.30"]
[Round "-"]
[White "adelio"]
[Black "Capablanca44"]
[Result "0-1"]
[WhiteElo "1667"]
[BlackElo "1980"]

1. d4 d5 2. e4 dxe4 3. Nc3 Bf5 4. f3 exf3 5. Qxf3 Qc8 6. d5 Bxc2 7. Bc4 Nf6 8.
h3 a6 9. g4 h6 10. g5 hxg5 11. Bxg5 Nbd7 12. Rh2 Bg6 13. Re2 Bh5 14. Qf1 Bxe2
15. Ngxe2 Nb6 16. Bxf6 exf6 17. Bb3 Qxh3 18. O-O-O Qe3+ 19. Kb1 O-O-O 20. Qf5+
Kb8 21. a3 Bd6 22. Qd3 Qxd3+ 23. Rxd3 Rh1+ 24. Ka2 Nd7 25. Nd4 Nc5 26. Nc6+ bxc6
27. Rd4 Nxb3 28. Kxb3 cxd5 29. Nxd5 Ka7 30. Nb4 Rb8 31. Rd3 a5 32. Rd5 axb4 33.
Ra5+ Kb7 34. axb4 Kc8 35. Ra4 Rh4 36. Kc3 Bxb4+ 37. Rxb4 Rhxb4 38. Kc2 Rxb2+ 39.
Kc3 R8b4 40. Kd3 R2b3+ 41. Kc2 Rh3 42. Kd2 Rb2+ 43. Kc1 Rhh2 44. Kd1 Rb1# 0-1

[Event "Let's Play Chess!"]
[Site "http://www.queenalice.com/game.php?id=1036547"]
[Date "2012.3.8"]
[Round "-"]
[White "Capablanca44"]
[Black "rhsatrhs"]
[Result "0-1"]
[WhiteElo "1984"]
[BlackElo "2110"]

1. d4 Nf6 2. Bf4 c5 3. e3 Qb6 4. b3 e6 5. c3 Nc6 6. h3 Be7 7. Nf3 h6 8. Bd3 d6
9. Nbd2 Bd7 10. Nc4 Qc7 11. Qc2 cxd4 12. exd4 g5 13. Bh2 O-O-O 14. O-O-O Kb8 15.
Kb1 g4 16. hxg4 Nxg4 17. Bg3 Rdf8 18. Rde1 f5 19. Qd2 Rf6 20. Bf4 b5 21. Nb2 e5
22. dxe5 dxe5 23. Nxe5 Ncxe5 24. Bc2 Re6 25. f3 Nf6 26. Rxh6 Rxh6 27. Bxh6 Rd6
28. Qe3 Re6 29. Bf4 Bd6 30. Bxe5 Rxe5 31. Qd2 Rxe1+ 32. Qxe1 Be5 33. c4 Qd6 34.
cxb5 Qd4 35. Qc1 Nd5 36. a4 Nc3+ 37. Ka1 Ne2 38. Qb1 Nf4 39. g3 Ne2 40. g4 f4
0-1

[Event "Let's Play Chess!"]
[Site "http://www.queenalice.com/game.php?id=1062241"]
[Date "2012.5.22"]
[Round "-"]
[White "Pagano"]
[Black "Capablanca44"]
[Result "1-0"]
[WhiteElo "1975"]
[BlackElo "1970"]

1. e4 c5 2. f4 d6 3. Nf3 Nc6 4. Bb5 Bd7 5. O-O Nf6 6. Nc3 e6 7. d4 cxd4 8. Nxd4
a6 9. Bxc6 bxc6 10. e5 Nd5 11. Nxd5 cxd5 12. f5 dxe5 13. fxe6 Bxe6 14. Nxe6 fxe6
15. Qh5+ Kd7 16. Qxe5 Qe8 17. Bf4 Qc8 18. c4 Qc5+ 19. Kh1 Rc8 20. cxd5 exd5 21.
Rac1 Qd6 22. Qf5+ 1-0

[Event "Challenge"]
[Site "http://www.queenalice.com/game.php?id=1073958"]
[Date "2012.6.19"]
[Round "-"]
[White "jujuju"]
[Black "Capablanca44"]
[Result "1/2-1/2"]
[WhiteElo "2217"]
[BlackElo "1952"]

1. d4 d5 2. c4 e6 3. Nf3 Nf6 4. Nc3 c6 5. cxd5 exd5 6. Bg5 Nbd7 7. e3 Be7 8. Bd3
O-O 9. O-O b6 10. Bf4 Bb7 11. a4 a5 12. b3 Bb4 13. Rc1 Ba3 14. Rb1 Bb4 15. Rc1
Rc8 16. g3 Re8 17. h4 h5 18. Ne5 g6 19. f3 Kg7 20. Qc2 Nxe5 21. Bxe5 Kh7 22. Bf4
Bd6 23. Rce1 Bxf4 24. exf4 Rg8 25. Re2 Qd7 26. Kh2 Rce8 27. Rfe1 Rxe2+ 28. Rxe2
Bc8 29. Kg1 Re8 30. Rxe8 Qxe8 31. Qe2 Qxe2 32. Nxe2 Kg7 33. Kg2 Ne8 34. Kh2 Nd6
35. Nc3 Nf5 36. Bxf5 Bxf5 37. Na2 Bc2 38. Nc1 f6 39. Kg2 Kh6 40. Kf2 g5 41.
fxg5+ fxg5 42. hxg5+ Kxg5 43. Ke3 Bg6 44. Kf2 Bc2 45. Ke3 Bd1 46. Kf2 Kf5 47.
Ke3 Kg5 48. Kf2 Kf5 49. Ke3 Kg5 1/2-1/2

[Event "Let's Play Chess!"]
[Site "http://www.queenalice.com/game.php?id=1096659"]
[Date "2012.8.28"]
[Round "-"]
[White "Capablanca44"]
[Black "ATeixeira"]
[Result "0-1"]
[WhiteElo "1964"]
[BlackElo "2066"]

1. d4 Nf6 2. h3 c5 3. e3 g6 4. c3 cxd4 5. exd4 Bg7 6. Nf3 O-O 7. Bd3 d6 8. O-O
Nc6 9. Bf4 b6 10. Qc2 Bb7 11. Nbd2 Rc8 12. Rad1 Nb4 13. Qb1 Nxd3 14. Qxd3 Nd5
15. Bh2 a6 16. Rfe1 b5 17. a3 Nb6 18. Ne4 Nc4 19. Qb1 Re8 20. Bf4 Qb6 21. Re2 a5
22. Qa1 b4 23. axb4 axb4 24. Qc1 bxc3 25. bxc3 Qa5 26. Bh6 Bxe4 27. Rxe4 Bf6 28.
Rde1 Na3 29. Bd2 Nc4 30. Nh2 Nxd2 31. Qxd2 Qxc3 32. Qxc3 Rxc3 33. Ng4 Bg5 34. g3
f5 35. Re6 fxg4 36. h4 Bh6 37. Rxd6 exd6 38. Rxe8+ Kf7 39. Re4 Bg7 40. Rxg4 Rd3
41. Rf4+ Ke6 42. Re4+ Kd5 43. Re7 Bxd4 44. Rxh7 Rxg3+ 45. Kf1 Rf3 46. Rh6 Rxf2+
47. Ke1 Rf6 48. Rh7 Ke4 49. Re7+ Kd3 50. Rb7 Bc3+ 0-1

[Event "Let's Play Chess!"]
[Site "http://www.queenalice.com/game.php?id=1122055"]
[Date "2012.11.19"]
[Round "-"]
[White "Capablanca44"]
[Black "vincentlennon"]
[Result "1/2-1/2"]
[WhiteElo "1951"]
[BlackElo "1962"]

1. d4 d5 2. Bf4 Nf6 3. h3 e6 4. Nf3 a6 5. e3 Bd6 6. Bh2 Bxh2 7. Nxh2 Nbd7 8. Nf3
c5 9. c3 b5 10. Bd3 Qc7 11. Nbd2 Bb7 12. O-O c4 13. Bc2 h6 14. Re1 a5 15. a3 O-O
16. e4 dxe4 17. Nxe4 Nxe4 18. Bxe4 Nf6 19. Bxb7 Qxb7 20. Qc2 Nd5 21. Re4 Rae8
22. Rae1 Rc8 23. Qd2 b4 24. axb4 axb4 25. cxb4 Qxb4 26. Rc1 c3 27. bxc3 Rxc3 28.
Rxc3 Qxc3 29. Qxc3 Nxc3 30. Re1 Nd5 31. g3 g6 32. Ne5 Kg7 33. Kg2 h5 34. h4 Rc8
35. Ra1 Rc7 36. Ra2 Nc3 37. Ra1 Ne4 38. Ra2 f6 39. Nf3 Kf7 40. Rb2 Rd7 41. Rc2
g5 42. hxg5 fxg5 43. Ne5+ Ke7 44. Nxd7 Kxd7 45. Kf3 Nf6 46. Ra2 Nd5 47. Ra7+ Kd6
48. Rh7 g4+ 49. Ke2 Nf6 50. Rh8 Kd5 51. Ke3 Kd6 52. Rh6 Ke7 53. Kd3 Kf7 54. Rh8
Kg7 55. Ra8 Kf7 56. Ra5 Kg6 57. Re5 Kf7 58. Rg5 Ke7 59. Ke2 Kd6 60. Kd3 Ke7 61.
Ke2 Kf7 62. Kd3 1/2-1/2

[Event "Let's Play Chess!"]
[Site "http://www.queenalice.com/game.php?id=1159082"]
[Date "2013.3.8"]
[Round "-"]
[White "MikeDoherty"]
[Black "Capablanca44"]
[Result "1-0"]
[WhiteElo "2204"]
[BlackElo "1951"]

1. e4 g6 2. Bc4 e6 3. Nc3 a6 4. Nf3 Bg7 5. O-O Ne7 6. d4 d6 7. Be3 h6 8. Qd2 Nd7
9. Rad1 b6 10. a4 Bb7 11. Rfe1 g5 12. Qe2 Ng6 13. Kh1 O-O 14. d5 e5 15. b4 f5
16. exf5 Rxf5 17. Qd3 Qf8 18. Qe4 Qf7 19. Bd3 Rf6 20. Qg4 Ndf8 21. Ne4 Rxf3 22.
Qxf3 Qxf3 23. gxf3 Kf7 24. c4 Bc8 25. c5 Ke7 26. cxd6+ Kd7 27. dxc7 Kxc7 28.
Rc1+ Kd7 29. Bxb6 Ke7 30. Rc7+ Bd7 31. Rec1 Nf4 32. Bf1 Nxd5 33. Bc5+ Kd8 34.
Bxf8 Bxf8 35. Rxd7+ Kxd7 36. Rd1 Kc6 37. b5+ axb5 38. Bxb5+ Kb6 39. Rxd5 1-0

[Event "Let's Play Chess!"]
[Site "http://www.queenalice.com/game.php?id=1182264"]
[Date "2013.5.17"]
[Round "-"]
[White "Capablanca44"]
[Black "squarsh"]
[Result "0-1"]
[WhiteElo "1945"]
[BlackElo "1973"]

1. d4 d5 2. Bf4 Nf6 3. h3 Bf5 4. Nf3 e6 5. e3 c5 6. c3 Bd6 7. Bxd6 Qxd6 8. Bd3
Be4 9. Qe2 Nc6 10. Nbd2 Bxd3 11. Qxd3 O-O-O 12. O-O Kb8 13. Rfb1 Ka8 14. a3 c4
15. Qc2 h6 16. b3 b5 17. bxc4 bxc4 18. Qa4 Rb8 19. Rxb8+ Rxb8 20. Rb1 Rxb1+ 21.
Nxb1 Ne4 22. Qa6 Qc7 23. Nfd2 Nd6 24. g3 f6 25. Kg2 e5 26. h4 h5 27. Qa4 g5 28.
Nf3 Ne4 29. Qb5 g4 30. Nfd2 Nd6 31. Qxd5 Kb7 32. Nxc4 Nxc4 33. Qxc4 Qe7 34. Qb3+
Kc8 35. Nd2 f5 36. Qa4 Qb7 0-1